Principle-based organizational structure <a> handbook to help you engineer entrepreneurial thinking and teamwork into organizations of any size
Salvato in:
| Autore principale: | |
|---|---|
| Natura: | Libro |
| Lingua: | inglese |
| Pubblicazione: |
Danbury
NDMA Publishing
2017
|
| Soggetti: | |
| Tags: |
Nessun Tag, puoi essere il primo ad aggiungerne!!
|
MARC
| LEADER | 00000nam a2200000 4500 | ||
|---|---|---|---|
| 001 | 0235964 | ||
| 005 | 20240221115942.6 | ||
| 020 | |a 1-892606-32-1 | ||
| 041 | 0 | |a eng | |
| 044 | |a US | ||
| 245 | 1 | 0 | |a Principle-based organizational structure |b <a> handbook to help you engineer entrepreneurial thinking and teamwork into organizations of any size |c N. Dean Meyer |
| 264 | 1 | |a Danbury |b NDMA Publishing |c 2017 | |
| 300 | |a xxii, 420 s. | ||
| 610 | 2 | 0 | |a štruktúra podniku organizačná |
| 610 | 2 | 0 | |a štruktúra organizačná |
| 610 | 2 | 0 | |a práca tímová |
| 610 | 2 | 0 | |a vodcovstvo |
| 610 | 2 | 0 | |a decentralizácia |
| 100 | 1 | |a Meyer, N. Dean | |